Urban amenities based migration dizertačná práca

Gespeichert in:
Bibliographische Detailangaben
1. Verfasser: Avetisyan, Sergey
Körperschaft: Národohospodárska fakulta EU. Katedra verejnej správy a regionálneho rozvoja
Weitere Verfasser: Rehák, Štefan, 1974-
Format: Buch
Sprache:Englisch
Veröffentlicht: Bratislava 2013
Schlagworte:
Tags: Tag hinzufügen
Keine Tags, Fügen Sie das erste Tag hinzu!

MARC

LEADER 00000nbm a2200000 4500
001 0174641
005 20240502072958.5
041 0 |a eng 
044 |a SK 
245 1 0 |a Urban amenities based migration  |b dizertačná práca  |c Sergey Avetisyan ; školiteľ: Štefan Rehák 
264 1 |a Bratislava  |c 2013 
300 |a 98 s. 
610 2 0 |a migrácia 
610 2 0 |a mestá 
610 2 0 |a imigrácia 
100 1 |a Avetisyan, Sergey 
700 1 |a Rehák, Štefan, 1974- 
710 2 |a Národohospodárska fakulta EU. Katedra verejnej správy a regionálneho rozvoja